Complex variables and applications / (Record no. 1978)

MARC details
000 -LEADER
Fixed length control field 00486nam a2200169 4500
003 - CONTROL NUMBER IDENTIFIER
Control field SEACOMEC
005 - DATE AND TIME OF LATEST TRANSACTION
Control field 20250203122242.0
008 - FIXED-LENGTH DATA ELEMENTS--GENERAL INFORMATION
Fixed length control field 250203b |||||||| |||| 00| 0 eng d
020 ## - INTERNATIONAL STANDARD BOOK NUMBER / ISBN
International Standard Book Number 978-0073051949
Price 630.00
040 ## - CATALOGING SOURCE
Original cataloging agency SEACOMEC
082 ## - DEWEY DECIMAL CLASSIFICATION NUMBER
Classification number 515.9
Book Number B873
100 ## - MAIN ENTRY--PERSONAL NAME
Personal name Brown, James Ward
245 ## - TITLE STATEMENT
Title Complex variables and applications /
Statement of responsibility by James Ward Brown, Ruel V. Churchill.
250 ## - EDITION STATEMENT
Edition statement 8th ed.
260 ## - IMPRINT
Place of publication New Delhi
Name of publisher McGraw-Hill Higher Education
Date of publication 2009
942 ## - ADDED ENTRY ELEMENTS (KOHA)
Koha item type Books
Holdings
Withdrawn status Lost status Source of classification Damaged status Not for loan Home library Current library Date acquired Total Checkouts Call number Accession number Date last seen Price effective from Koha item type Copy number
    Dewey Decimal Classification     SEACOM ENGINEERING COLLEGE SEACOM ENGINEERING COLLEGE 31/07/2008   515.9 B873 12516 03/02/2025 03/02/2025 Books  
    Dewey Decimal Classification     SEACOM ENGINEERING COLLEGE SEACOM ENGINEERING COLLEGE 31/07/2008   515.9 B873 12517 03/02/2025 03/02/2025 Books 1
    Dewey Decimal Classification     SEACOM ENGINEERING COLLEGE SEACOM ENGINEERING COLLEGE 31/07/2008   515.9 B873 12518 03/02/2025 03/02/2025 Books 2
© Seacom Engineering College, All rights reserved.      Powered by Koha